000 00378nam a2200133Ia 4500
008 151001s9999||||xx |||||||||||||| ||und||
100 _aदिलीप सालवी
245 _aयुग प्रवर्तक आविष्कार
250 _a1
260 _bप्रकाशन विभाग
260 _c1997
300 _a91
365 _b24
999 _c975914
_d975911